000 00434nam a2200193Ia 4500
008 210210b1926 xxu||||| |||| 00| 0 eng d
041 _aeng
082 _a335/330
100 _aTHOMAS (P J)
245 _aMercantilism and east India trade
260 _aLondon
_b-
_c1926
650 _atrade
650 _aMercantilism
650 _aIndia
650 _aeast
650 _aand
690 _aIndian Economics
906 _a004673
999 _c127423
_d127423